000 01163nam a22002417a 4500
005 20121010141910.0
008 121010t xxu||||| |||| 00| 0 mar d
010 _aMAR-22756
020 _c640.00
_a9788184984262
035 _aMR-15414
037 _bDBAD/PUB
040 _aDPL
_bMR
082 _a954
100 _953016
_aनिलेकणी, नंदन
245 _aइमॅजिनिंग इंडिया /
_cनंदन निलेकणी ; अपर्णा वेलणकर द्वारा अनुवादित
246 _aImagining India
_bby Nandan Nilekani
260 _aपुणे
_bमेहता पब्लिशिंग हाऊस
_c2012
270 _bपुणे
_a1941,सदाशिव पेठ,माडीवाले कॉलनी
_e411030
300 _aबारा,730पृ.
_c21सेमी(अजिल्द)
_bसचित्र
700 _aवेलणकर, अपर्णा
_953616
942 _2ddc
_cMR
_mनिलेक
_h954
999 _c71469
_d71469